| 000 | 00584nam a2200229Ia 4500 | ||
|---|---|---|---|
| 008 | 190123s9999 xx 000 0 und d | ||
| 020 | _a9780545100823 | ||
| 050 | _bK925 2005 | ||
| 100 | _aMr. Krieb. | ||
| 245 | 0 | _aWe're off to find the witch's house / | |
| 245 | 0 | _cby Mr. Krieb ; illustrated by R.W. Alley. | |
| 260 | _aNew York, New York : | ||
| 260 | _bScholastic, | ||
| 260 | _c2005 | ||
| 300 | _aunpaged : | ||
| 300 | _bcolored illustrations ; | ||
| 300 | _c20cm. | ||
| 500 | _a450L | ||
| 650 | _aHalloween. | ||
| 650 | _aStories in rhyme. | ||
| 700 | _aTitle. | ||
| 999 |
_c361056 _d361056 |
||